| 000 | 01375nam a22003977a 4500 | ||
|---|---|---|---|
| 003 | CHAP | ||
| 005 | 20220329133146.0 | ||
| 008 | 971013s1991 r 00010 d | ||
| 010 | _a2829 | ||
| 011 | _a3801 | ||
| 035 | _a3002 | ||
| 040 | _cCHAP | ||
| 090 | _aTesis | ||
| 100 | 0 | 0 |
_aCastro Moreno, José Fidel. _920404 |
| 245 | _aEvaluación de la monensina e implante en dietas altas en pollinaza en toretes en finalización | ||
| 260 |
_aChapingo, Méx. : _bEl autor, _c1991 |
||
| 300 | _a48 h. | ||
| 500 | _aD47-121 | ||
| 502 | _aTesis (Ing. Agr. Esp. en Zootecnia) -- UACH. Departamento de Zootecnia | ||
| 590 |
_aALEPH _b10 _c20130110 _lUCH01 _h1214 |
||
| 590 |
_aBATCH-UPD _b10 _c20130110 _lUCH01 _h0202 |
||
| 590 |
_aBATCH-UPD _b10 _c20130110 _lUCH01 _h1300 |
||
| 590 |
_aBATCH-UPD _b10 _c20130409 _lUCH01 _h2212 |
||
| 590 |
_aBATCH-UPD _b10 _c20130410 _lUCH01 _h0818 |
||
| 590 |
_aBATCH-UPD _b10 _c20130914 _lUCH01 _h1309 |
||
| 590 |
_aCONVERSION _b10 _c20130109 _lUCH01 _h1303 |
||
| 650 | 1 | 4 |
_aAntibioticos en nutricion animal. _96052 |
| 650 | 1 | 4 |
_aGanado vacuno _xAlimentación. _945429 |
| 650 | 1 | 4 |
_aGanado vacuno _xEngorda. _945461 |
| 650 | 1 | 4 |
_aHormonas _xEfecto en animales domésticos. _956236 |
| 650 | 1 | 4 |
_aZeranol. _9123955 |
| 700 | 0 |
_aEnríquez Hernández, Antonio. _937036 |
|
| 901 | _aBK | ||
| 942 | _cTESIS | ||
| 949 |
_bBC _cTES _d-12510 _eTS1 _h25006 _i3002 _si |
||
| 999 |
_c2829 _d2829 |
||